000 01005cam a2200289 i 4500
001 17056
003 BD-RjUL
005 20211209000101.0
008 140216s1981 cau b 001 0deng
020 _a086576008X :
020 _a0865760187 (jacket)
035 _a(BD-RjUL)17113
040 _aDLC
_cDLC
_dDLC
_dBD-RjUL
_beng
041 _aeng
082 0 0 _a810.9
_219
_bNEA
100 1 _aNelson, Randy F.,
_d1948-
_952617
245 1 4 _aThe almanac of American letters /
_cRandy F. Nelson.
260 _aLos Altos, Calif. :
_bW. Kaufmann,
_cc1981.
300 _axii, 325 p. ;
_c24 cm.
500 _ahttp://172.16.21.25:8010/cgi-bin/koha/cataloguing/addbiblio.pl?biblionumber=0&z3950=1&frameworkcode=RUCL&breedingid=410450#tab9XX
504 _aIncludes Bibliography: p. 293-300 and index.
650 0 _aAmerican literature
_xHistory and criticism
_xAnecdotes.
_952618
650 0 _aAuthors, American
_xBiography
_xAnecdotes.
_952619
942 _2ddc
_cBK
999 _c17056
_d17056